000 00698nam a2200205 a 4500
001 000048601
005 20201002061252.0
008 190402s2014 dr 000 m spa d
020 _a9789945131796
040 _aDO-SdBNP
_bspa
_cBNPHU
082 _axxxx
_bxxxx
100 1 _aRomán, Felipe
_976052
245 1 0 _aJacob :
_bel amado de Dios /
_cFelipe Román ; ilustraciones Yadir Abreu Reyes, Danelsy Medrano.
260 _aSanto Domingo :
_bMediabyte,
_c2014.
300 _a360 p. :
_bil. ;
_c22 cm.
500 _aIncluye datos del autor en la solapa de la contracubierta.
590 _aInventariado, 2019/LP
700 1 _aAbreu Reyes, Yadir,
_eil
_976053
700 1 _aMedrano, Danelsy,
_eil
_976054
999 _c48089
_d48089